| 000 | 01207nam a2200229Ia 4500 | ||
|---|---|---|---|
| 001 | L240-46453 | ||
| 003 | IT-CnALBA | ||
| 008 | 170116s9999||||xx |||||||||||||| ||und|| | ||
| 040 |
_aIT-CnALBA _cIT-CnALBA |
||
| 041 | _aITALIANO | ||
| 100 | _aLAURENTIN RENÈ | ||
| 245 | 0 | _aIO CREDO IN DIO. I SEGRETI DELLA FEDE. | |
| 250 | _a1a ed. | ||
| 260 |
_aTORINO _bELLE DI CI - LEUMANN _c1996 [1° Ed.:1996 - Ed.Ling.Originale: 1995] |
||
| 300 | _a189 p. | ||
| 500 | _aTESORO MISCONOSCIUTO. DUE CREDO. FEDE. SCIENZA E FEDE. RIVELAZIONE. FILOSOFIA ED ESISTENZA DI DIO. DAL DIO DELLA RAGIONE AL DIO DELLA FEDE. PADRE ONNIPOTENTE. CREATORE. FIGLIO GESÙ CRISTO. CONCEPITO DA SPIRITO SANTO. NATO DA MARIA LA VERGINE. CROCIFISSO. | ||
| 501 | _aSocietà San Paolo EM - Piazza San Paolo, 14 - 12051 ALBA (CN) (non commercial uses only) ® Copyright 2017 | ||
| 520 | _aTESORO MISCONOSCIUTO. DUE CREDO. FEDE. SCIENZA E FEDE. RIVELAZIONE. FILOSOFIA ED ESISTENZA DI DIO. DAL DIO DELLA RAGIONE AL DIO DELLA FEDE. PADRE ONNIPOTENTE. CREATORE. FIGLIO GESÙ CRISTO. CONCEPITO DA SPIRITO SANTO. NATO DA MARIA LA VERGINE. CROCIFISSO. | ||
| 650 | _aTEOLOGIA SPIRITUALE CRISTIANA | ||
| 942 | _cBK | ||
| 957 | _71 | ||
| 999 |
_a52714 _bNO _g Copie: 1 _c305392 _d305392 |
||